000 01834nam0a2200337 i 4500
001 RU\NLR\bibl\1958171
005 20240921150643.0
010 _a9785942115722
_9100
021 _aRU
_b2012-73418
_95431
035 _a(nilc)RSL-KNO-005502192
035 _a(NLR Aleph) 001947224
090 _a3646089
_c3646089
100 _a20121001d2012 u y0rusy50 ca
101 0 _arus
102 _aRU
105 _aa |||||||||
200 1 _aУстановки электрического освещения
_eучебное пособие
_e[для студентов всех форм обучения по направлению 140400 "Электроэнергетика и электроника" по профилю "Электроснабжение"]
_fМ.И. Божков, В.Н. Костин
_gМ-во образования и науки Рос. Федерации, Федер. гос. бюджет. образоват. учреждение высш. проф. образования Нац. минер.-сырьевой ун-т "Горн."
210 _aСанкт-Петербург
_cНациональный минерально-сырьевой университет "Горный"
_d2012
215 _a90 с.
_cил.
_d20
320 _aБиблиогр.: с. 90 (7 назв.)
606 1 _aИсточники света
_jУчебные издания для высших учебных заведений
_9980339
_3RU\NLR\auth\66369009
686 _aЗ294-5я73-1
_2rubbk
686 _aЗ294-52я73-1
700 1 _aБожков
_bМ. И.
_gМихаил Иванович
_4070
701 1 _aКостин
_bВ. Н.
_gВладимир Николаевич
_4070
801 0 _aRU
_bRuMoRKP
_c20121001
_grcr
801 1 _aRU
_bРГБ
_c20121001
801 2 _aRU
_bNLR
_c20121019
_grcr
942 _cBOOK
980 _aNBR